Bài tập tin học 11
Sách Bài tập tin học 11 là tài liệu hỗ trợ cho việc giảng dạy và học theo sách giáo khoa Tin học 11. Sách có 2 phần: phần Bài tập và phần Hướng dẫn - Giải đáp
Đã lưu trong:
| 主要作者: | |
|---|---|
| 格式: | 图书 |
| 语言: | Undetermined |
| 出版: |
Hà Nội
Giáo dục Việt Nam
2016
|
| 主题: | |
| 标签: |
添加标签
没有标签, 成为第一个标记此记录!
|
| Thư viện lưu trữ: | Trung tâm Học liệu Trường Đại học Cần Thơ |
|---|
| LEADER | 00890nam a2200217Ia 4500 | ||
|---|---|---|---|
| 001 | CTU_217302 | ||
| 008 | 210402s9999 xx 000 0 und d | ||
| 020 | |c 8200 | ||
| 082 | |a 005.076 | ||
| 082 | |b Đ104 | ||
| 100 | |a Hồ, Sĩ Đàm | ||
| 245 | 0 | |a Bài tập tin học 11 | |
| 245 | 0 | |c Hồ Sĩ Đàm, Nguyễn Thanh Tùng | |
| 260 | |a Hà Nội | ||
| 260 | |b Giáo dục Việt Nam | ||
| 260 | |c 2016 | ||
| 520 | |a Sách Bài tập tin học 11 là tài liệu hỗ trợ cho việc giảng dạy và học theo sách giáo khoa Tin học 11. Sách có 2 phần: phần Bài tập và phần Hướng dẫn - Giải đáp | ||
| 650 | |a Computers,Tin học | ||
| 650 | |x Study and teaching (Secondary),Dạy và học (Trung học) | ||
| 904 | |i Trâm, Tú,Hải | ||
| 980 | |a Trung tâm Học liệu Trường Đại học Cần Thơ | ||